The Revolutionary War / by Brendan January.
Describes the events preceding, during, and following the American Revolution, from the Stamp Act in 1765 to the signing of the treaty in Paris in 1783.
Record details
- ISBN: 0516216309
- Physical Description: 47 pages : illustrations, map ; 22 cm.
- Publisher: New York : Children's Press, c2000.
Content descriptions
| Bibliography, etc. Note: | Includes bibliographical references (p.44) and index. |
Search for related items by subject
| Subject: | United States > History > Revolution, 1775-1783 > Juvenile literature. United States > History > Revolution, 1775-1783. |
Search for related items by series
| LDR | 01139cam a2200289 a 4500 | ||
|---|---|---|---|
| 001 | 125935 | ||
| 003 | CONS | ||
| 005 | 20140703073303.0 | ||
| 008 | 991115s2000 nyuab c b 001 0 eng | ||
| 010 | . | ‡a 99058707 | |
| 020 | . | ‡a0516216309 | |
| 035 | . | ‡a(CPomAG)LMN492853 | |
| 042 | . | ‡alcac | |
| 043 | . | ‡an-us--- | |
| 050 | 0 | 0. | ‡aE208 ‡b.J36 2000 |
| 082 | 0 | 0. | ‡a973.3 ‡221 |
| 100 | 1 | . | ‡aJanuary, Brendan, ‡d1972- |
| 245 | 1 | 4. | ‡aThe Revolutionary War / ‡cby Brendan January. |
| 260 | . | ‡aNew York : ‡bChildren's Press, ‡cc2000. | |
| 300 | . | ‡a47 pages : ‡billustrations, map ; ‡c22 cm. | |
| 440 | 0. | ‡aTrue book | |
| 504 | . | ‡aIncludes bibliographical references (p.44) and index. | |
| 520 | . | ‡aDescribes the events preceding, during, and following the American Revolution, from the Stamp Act in 1765 to the signing of the treaty in Paris in 1783. | |
| 651 | 0. | ‡aUnited States ‡xHistory ‡yRevolution, 1775-1783 ‡vJuvenile literature. | |
| 651 | 1. | ‡aUnited States ‡xHistory ‡yRevolution, 1775-1783. | |
| 959 | . | ‡i32269000645385 ‡lJ973.3 Jan ‡aJuvenile - NonFiction ‡tJuv Nonfiction ‡g17.00 | |
| 852 | . | ‡p32269000645385 ‡jJ973.3 Jan ‡gJuvenile - NonFiction ‡cJuv Nonfiction ‡y17.00 ‡bSBPL | |
| 901 | . | ‡a125935 ‡bUnknown ‡c125935 ‡tbiblio | |